| 000 | 00679nam a2200253 a 4500 | ||
|---|---|---|---|
| 001 | nice12345678 | ||
| 003 | IN_TiNIC | ||
| 005 | 20260116013204.0 | ||
| 008 | 050524s1991 nasa grp 000 0 eng | ||
| 020 |
_a0913367 _c100 |
||
| 082 | 0 | 0 |
_a232.904 _bWIR |
| 100 | _aWirt, Sherwood Eliot | ||
| 245 |
_aJesus, Man of Joy _b an Experience of Worship |
||
| 260 |
_aNashville _bThomas Nelson Publishers _c1991 |
||
| 300 | _a159p | ||
| 500 | _aincludes index and biblioraphy | ||
| 505 | 2 | _aIndex | |
| 650 | _aJesus Christ-Person and Offices | ||
| 650 | _aJoy-Religious Aspect | ||
| 700 | 1 | _aWirt, Sherwood Eliot | |
| 902 | _bSRS | ||
| 942 | _cBK | ||
| 999 |
_c10044 _d10044 |
||